10 najgorętszych stolic państw europejskich - Statystyki

Ogólne statystyki
  • Ten quiz został rozwiązany 6 917 razy
  • Średni wynik to 8 z 10
Statystyki odpowiedzi
°C Stolica % Poprawnych
15.0 Madryt
98%
15.3 Rzym
97%
18.5 Ateny
94%
17.4 Lizbona
93%
19.3 Valletta
72%
15.2 Tirana
67%
15.2 Watykan
66%
14.7 San Marino
65%
16.4 Monako
60%
15.3 Podgorica
45%
Nie znaleziono quizów pasujących do podanych kryteriów
Rozkład punktacji
Procent ludzi z każdym wynikiem
Percentyl według liczby udzielonych odpowiedzi
Twoja historia wyników
Nie rozwiązałeś tego quizu